000 01184nam0a22002651 4500
001 rc\2707882
005 20260407021424.0
035 _a(NLR Aleph) 006835827
090 _a6593523
_c6593523
100 _a20110915d1934 |||y0rusy50 ca
101 0 _arus
102 _aRU
105 _ay z |||||
200 1 _aЗаготовка и переработка плодоовощей
_eМатериалы сост. при участии А. Антошина, Я. Панферова и Д. Марченко
_fПредисл. Б. Кричевского
_gПод ред. К. Еремеева
_gЦентросоюз СССР и РСФСР - Центроплодоовощь
210 _aМосква
_cСнабтехиздат
_d1934
_gтип. изд-ва "Крест. газ."
215 _aОбл., 125, [3] с.
_d26х19 см.
702 1 _aКричевский
_bБ.
_cзаготовитель
_4080
702 1 _aЕремеев
_bК.
_4340
710 0 2 _a"Центроплодоовощь", всесоюзное об-ние
_9510241
_3RU\NLR\AUTH\8810006367
801 0 _aRU
_bNLR
_gpsbo
801 1 _aRU
_bELAR
_2rusmarc
852 _aNLR
_j34-5/204
942 _cBOOK
980 _aNB